Normal view
MARC view
- قانون العقوبات -- مملكة البحرين
Entry Topical Term
001 - CONTROL NUMBER
- control field: 53138
003 - CONTROL NUMBER IDENTIFIER
- control field: JO-AjAnu
005 - DATE AND TIME OF LATEST TRANSACTION
- control field: 20230606082729.0
008 - FIXED-LENGTH DATA ELEMENTS
- fixed length control field: 230606|| aca||aabn | a|a d
040 ## - CATALOGING SOURCE
- Original cataloging agency: JO-AjAnu
- Transcribing agency: JO-AjAnu
150 ## - HEADING--TOPICAL TERM
- Topical term or geographic name entry element: قانون العقوبات -- مملكة البحرين
670 ## - SOURCE DATA FOUND
- Source citation: Work cat.: (JO-AjAnu)27149: البطراوي ، عبد الوهاب عمر , author 53137, الوجيز في قانون العقوبات البحريني : القسم العام